00818nam a2200193 a 4500003000200000005001700002008004100019050003100060100001900091245010400110260009300214300004600307504004100353650004700394650005000441650003700491650004600528650005000574020250310145753.0080827s19uu xx 00 eng d aPGS HV 9069.5 b.T136 2008 aTakeda, Aki D. aAssociation of personal variables to types of offenses among juvenile delinquents /cAki D. Takeda. aLas Piñas City, Philippines : bSouthville International School and Colleges, c2008. a53 pages : billustrations ; c28 cm.  aIncludes bibliographical references. aJuvenile delinquents vSocial conditions.  aJuvenile delinquency vPsychological aspects. aCrime and youth vRisk factors.  aOffense patterns vJuvenile delinquents.  aCriminal behavior vPersonal characteristics.